LEADER 01283nam a2200277 i 4500 001 000000104437 003 CaOOAMICUS 005 20070326090318.0 008 070326s2006 it u000 udita r 040 $aPUL$bita$dLDB 041 1 $aita$heng 100 1 $aMarcuse, Herbert,$d1898-1979.$0(OLS)http://pul/name/10739 240 10$aEros and Civilisation.$lItaliano.$0(OLS)http://pul/title/72688 245 10$aEros e civiltį /$cHerbert Marcuse; prefazione e introduzione di Giovanni Jervis. 260 $aRoma :$bLa Repubblica-L'Espresso,$cc2006. 300 $axlvi,204 p. ;$c23cm 490 1 $aI grandi saggi ;$v3 600 14$aFreud, Sigmund,$d1856-1939$xCritica e interpretazione.$0(OLS)http://pul/subject/7836 650 14$aCiviltą occidentale$zAspetti psicologici.$0(OLS)http://pul/subject/33210 700 1 $aJervis, Giovanni,$d1933-$0(OLS)http://pul/name/38484 830 2$aI grandi saggi (La Repubblica-L'Espresso) ;$v3.$0(OLS)http://pul/title/131359 850 $aPUL 852 $aPUL$W1$xSL Filosofia 3$y81$m103 COLL 2.3$j116842$qDDC 21$q $B116834$CPULBib$Z2$F116834 $H103113 $81 941 1 $a9 996 $6245$aEros e civiltį$9(OLS)http://pul/title/72689 996 $6260$aRoma :$bLa Repubblica-L'Espresso$9(OLS)http://pul/publisher/79199 LEADER 01767nam a2200337 a 4500 001 000000175309 003 CaOOAMICUS 005 20220623154004.0 008 220623s2020 it u000 u ita r 020 $a978-88-08-62078-1* 032 $aLibriCat 040 $aPUL$bita 082 04$a346.45 245 00$aRegolamentazione delle unioni civili tra persone dello stesso sesso e disciplina delle convivenze: $blegge 20 maggio 2016, n.76 / $ca cura di Salvatore Patti ; con i contributi di Davide Achille ... [et al.]. 260 $aBologna :$bZanichelli,$c2021. 300 $aXXXIV, 806 p. ;$c25 cm 490 1 $aCommentario del codice civile e codici collegati Scialoja-Branca-Galgano.$aLibro Primo.$aDelle persone e della famiglia 500 $aInclude indice. 504 $aBibliografia in nota. 650 4$aUnioni civili$zItalia.$0(OLS)http://pul/subject/43613 700 1 $aPatti, Salvatore.$0(OLS)http://pul/name/26751 700 1 $aAchille, Davide.$0(OLS)http://pul/name/92297 830 0$aCommentario del Codice civile Scialoja-Branca.$bLibro primo, Delle persone e della famiglia ;$vlegge 20 maggio 2016, n.76.$0(OLS)http://pul/title/216719 850 $aPUL 852 $aPUL$W1$xSL Diritto e Scienze Sociali 3$y79$m346. 45 COLL 7.3$j199513$qDDC 21$B204232$CPULBib$Z2$F204232 $H135658 $82 941 1 $a9 996 $6020$a978-88-08-62078-1*$9(OLS)http://pul/number/168709 996 $6082$a346.45$9(OLS)http://pul/classification/372 996 $6245$aRegolamentazione delle unioni civili tra persone dello stesso sesso e disciplina delle convivenze: $blegge 20 maggio 2016, n.76 / $9(OLS)http://pul/title/216727 996 $6260$aBologna :$bZanichelli$9(OLS)http://pul/publisher/48255